000 00484nam a2200169Ia 4500
999 _c24123
_d24123
003 OSt
005 20201223120815.0
008 190216s9999||||xx |||||||||||||| ||und||
040 _coclc
082 _a894.8128
_bMAR/B
100 _aMarar, Kuttikrishna
_97066
245 0 _aBharatha Paryatanam /
_cKuttikrishna Marar
260 _bP K Brothers,
_aCalicut:
_c1995.
300 _a224p
650 _aPadanam
942 _cBK
_2ddc
_h894.8128
_iMAR/B
_k894.8128
_mMAR/B